000 00931nam a22001817a 4500
005 20120208122731.0
020 _a9788181468024
_c95.00
082 _a
100 _aधीर, शीला
_941409
245 _aनन्ही उँगलियाँ /
_cशीला धीर;मुग्धा सेठी द्वारा चित्रांकित;सुष्मा द्वारा अनुदित
260 _aचैन्नई
_bतूलिका पब्लिशर्स
_c2010
270 _a13 पृथ्वी ऐवन्यु, अभिरमपुरम
_bचैन्नई
_e600018
300 _aअ.पृ.
_bसचित्र
_c19सेमी (अजिल्द)
700 _941133
_aसेठी, मुग्धा
700 _941134
_aसुष्मा
942 _2ddc
_cCH
_h
_mधीरशी
999 _c62260
_d62260